000 00507nam a2200205Ia 4500
003 OSt
005 20140317133925.0
008 140130s9999 xx 000 0 und d
020 _a9780439829397
050 _aPZ 7
_b.Sw969895It 2005
100 _aSwallow, Pamela Curtis
245 _cPamela Curtis Swallow.
_aIt Only Looks Easy /
260 _bScholastic,
_c2005.
_aNew York :
300 _a168 p. :
_c19 cm.
440 _v1
521 _aG4
526 _c670
942 _cBK
_2lcc
999 _c40930
_d40930